000 00587nam a2200217Ia 4500
005 20250923145021.0
008 008 250917s9999 xx 000 0 eng d
037 _aTextual
040 _aDSWL
_beng
_cDSWL
041 _aeng
_2eng
084 _aS1, N65
_qDSWL
100 _aJohnson, R.C.
_9830905
245 0 _aChild psychology
_cby R.C. Johnson
260 _aNew York
_b John Wiley & Sons
_c1965
300 _axii,314 p.
365 _aUSD
_b6.95
700 _aG.R. Medinnus
_9830906
925 _g6.95
942 _cTEXL
_hS1, N65
999 _c1446091
_d1446091